000 00747nam a2200241 a 4500
001 BRCA_106
005 20190320202900.0
008 830527r19641908mx-h#####b---#000-0#spa-#
020 _a9683619924
040 _aDLC
_cDLC
_dDLC
041 _aspa
044 _amx
050 4 _aZ1427.P8
_b.M43 1991
100 1 _aMedina, José Toribio
_d1852-1930
_946
245 1 0 _aLa imprenta en la Puebla de los Ángeles
_b1640-1821
260 _aMéxico
_bUNAM, Instituto de Investigación Bibliograficas
_c1991
300 _aL, 823 p.
_bil.
_c28 cm.
500 _aFacsímil de: Santiago de Chile, 1908
500 _aIncluye índice alfabético
650 1 4 _aImpresión
_xHistoria
_zMéxico
_9411
651 4 _aPuebla (México)
_xImpresiones
_9412
942 _2lcc
_cB
999 _c91
_d91